|
|
|
|
| LEADER |
00000cam a2200000Mi 4500 |
| 001 |
JSTOR_ocn889406830 |
| 003 |
OCoLC |
| 005 |
20231005004200.0 |
| 006 |
m o d |
| 007 |
cr cn||||||a|| |
| 008 |
131216s2014 quc ob 000 0 fre d |
| 040 |
|
|
|a REDDC
|b eng
|e rda
|e pn
|c REDDC
|d OCLCO
|d OCLCF
|d YDXCP
|d EBLCP
|d JSTOR
|d OCLCQ
|d OCLCO
|d OCLCQ
|d OCLCA
|d OCLCQ
|d OCLCO
|d OCL
|d OCLCQ
|
| 016 |
|
|
|z 20139427414
|q (print)
|
| 019 |
|
|
|a 900220291
|a 923095082
|
| 020 |
|
|
|a 9782760540187
|q (electronic bk.)
|
| 020 |
|
|
|a 2760540189
|q (electronic bk.)
|
| 020 |
|
|
|z 2760540189
|
| 020 |
|
|
|z 9782760540170
|q (print)
|
| 020 |
|
|
|z 2760540170
|
| 029 |
1 |
|
|a CHNEW
|b 000946134
|
| 029 |
1 |
|
|a CHVBK
|b 480267421
|
| 035 |
|
|
|a (OCoLC)889406830
|z (OCoLC)900220291
|z (OCoLC)923095082
|
| 037 |
|
|
|a 22573/ctt1f1200h
|b JSTOR
|
| 043 |
|
|
|a n-cn-qu
|
| 050 |
|
4 |
|a HT391
|b .S34 2014eb
|
| 072 |
|
7 |
|a POL026000
|2 bisacsh
|
| 082 |
0 |
4 |
|a 307.1/201
|2 23
|
| 049 |
|
|
|a UAMI
|
| 245 |
0 |
0 |
|a Sciences du territoire.
|n Tome 2,
|p Défis méthodologiques /
|c sous la direction de Martin Robitaille et Marc-Urbain Proulx ; ont collaboré à cet ouvrage, Claudine Audet [et vingt-huit autres].
|
| 246 |
3 |
0 |
|a Défis méthodologiques
|
| 264 |
|
1 |
|a Québec [Québec] :
|b Presses de l'Université du Québec,
|c 2014.
|
| 264 |
|
2 |
|a Beaconsfield, Quebec :
|b Canadian Electronic Library,
|c [2014]
|
| 300 |
|
|
|a 1 online resource (1 fichier PDF (xviii, 393 pages))
|
| 336 |
|
|
|a text
|b txt
|2 rdacontent
|
| 337 |
|
|
|a computer
|b c
|2 rdamedia
|
| 338 |
|
|
|a online resource
|b cr
|2 rdacarrier
|
| 490 |
1 |
|
|a Science régionale ;
|v 14
|
| 504 |
|
|
|a Comprend des références bibliographiques.
|
| 505 |
0 |
|
|a Le cadre d'analyse et le choix méthodologique -- La modélisation macroet microéconomique -- La transversalité des approches méthodologiques -- La recherche en partenariat -- L'analyse des disparités -- Les innovations territoriales.
|
| 590 |
|
|
|a JSTOR
|b Books at JSTOR All Purchased
|
| 590 |
|
|
|a JSTOR
|b Books at JSTOR Demand Driven Acquisitions (DDA)
|
| 650 |
|
0 |
|a Regional planning
|z Québec (Province)
|
| 650 |
|
0 |
|a Regional economics
|z Québec (Province)
|
| 650 |
|
0 |
|a Regional planning
|x Methodology.
|
| 650 |
|
6 |
|a Aménagement du territoire
|x Méthodologie.
|
| 650 |
|
6 |
|a Aménagement du territoire
|z Québec (Province)
|v Études de cas.
|
| 650 |
|
6 |
|a Aménagement du territoire
|z Québec (Province)
|
| 650 |
|
6 |
|a Économie régionale
|z Québec (Province)
|
| 650 |
|
7 |
|a POLITICAL SCIENCE
|x Public Policy
|x Regional Planning.
|2 bisacsh
|
| 650 |
|
7 |
|a Regional planning
|x Methodology.
|2 fast
|0 (OCoLC)fst01093168
|
| 650 |
|
7 |
|a Regional economics.
|2 fast
|0 (OCoLC)fst01093090
|
| 650 |
|
7 |
|a Regional planning.
|2 fast
|0 (OCoLC)fst01093120
|
| 651 |
|
7 |
|a Québec.
|2 fast
|0 (OCoLC)fst01207316
|
| 700 |
1 |
|
|a Robitaille, Martin,
|d 1958-
|e éditeur intellectuel de compilation.
|
| 700 |
1 |
|
|a Proulx, Marc-Urbain,
|d 1955-
|e éditeur intellectuel de compilation.
|
| 700 |
1 |
|
|a Audet, Claudine,
|e auteur.
|
| 776 |
0 |
8 |
|i Print version:
|z 2760540170
|z 9782760540170
|w (OCoLC)880667249
|
| 830 |
|
0 |
|a Collection Science régionale ;
|v 14.
|
| 830 |
|
0 |
|a Bibliothèque numérique canadienne.
|p Collection des éditeurs canadiens.
|
| 856 |
4 |
0 |
|u https://jstor.uam.elogim.com/stable/10.2307/j.ctt1f117c4
|z Texto completo
|
| 938 |
|
|
|a ProQuest Ebook Central
|b EBLB
|n EBL3293630
|
| 938 |
|
|
|a YBP Library Services
|b YANK
|n 12097567
|
| 938 |
|
|
|a ProQuest Ebook Central
|b EBLB
|n EBL4624822
|
| 994 |
|
|
|a 92
|b IZTAP
|